San Antonio Spurs 40 Point Games - Statistics

General Stats
  • This quiz has been taken 262 times
    42 since last reset
  • The average score is 8 of 17
Answer Stats
Player Max Nb % Correct
David Robinson 71 22
98%
Tim Duncan 53 5
98%
Manu Ginóbili 48 6
95%
Victor Wembanyama 50 9
95%
Tony Parker 55 3
90%
George Gervin 63 67
85%
Kawhi Leonard 41 1
73%
Stephon Castle 40 1
54%
LaMarcus Aldridge 56 5
51%
Sean Elliott 41 1
32%
Artis Gilmore 40 1
22%
Alvin Robertson 41 2
20%
Larry Kenon 51 4
10%
Mike Mitchell 47 10
5%
Terry Cummings 52 2
5%
Gene Banks 44 1
2%
Ron Brewer 44 2
2%
No matching quizzes found
Score Distribution
Percent of People with Each Score
Percentile by Number Answered
Your Score History
You have not taken this quiz since the last reset